| 000 | 00000nam##2200000za#4500 |
| 001 | 9.663817 |
| 003 | CaOODSP |
| 005 | 20220818080142 |
| 007 | ta |
| 008 | 150407|2002||||xxc||||| f|0| 0 eng|d |
| 020 | |a0-662-66621-6 |
| 040 | |aCaOODSP|beng |
| 041 | |aeng |
| 041 | |afre |
| 043 | |an-cn--- |
| 086 | 1 |aIP34-11/2002 |
| 110 | 2 |aOffice of the Privacy Commissioner of Canada. |
| 245 | 10|aReport to Parliament concerning substantially similar provincial legislation |
| 260 | |aOttawa - Ontario : |bOffice of the Privacy Commissioner of Canada |c2002. |
| 300 | |aEnglish text, 16p. ; |c28 cm. |
| 563 | |aSoftcover |
| 590 | |a02-31|b2002-08-02 |
| 690 | 07|aFederal institutions|2gcpds |
| 690 | 07|aLegislation|2gcpds |
| 690 | 07|aPrivacy|2gcpds |
| 776 | 0#|tRapport au Parlement relativement aux lois provinciales essentiellement similaires |w(CaOODSP)9.639898 |
| 776 | 0#|tReport to Parliament concerning substantially similar provincial legislation |w(CaOODSP)9.695776 |
| 792 | |tRapport au Parlement relativement aux lois provinciales essentiellement similaires |efre|w(CaOODSP)9.663818 |